Statistics for Euphoria Cast with pictures

Click here to take the quiz!

General Stats

  • This quiz has been taken 7 times
  • The average score is 8 of 16

Answer Stats

Answer% Correct
Cassie Howard
86%
Nate Jacobs
86%
Rue Bennett
86%
Lexi Howard
71%
Ashtray
57%
Cal Jacobs
57%
Chris Mckay
57%
Fezco
57%
Gia Bennett
57%
Maddy Perez
57%
Jules Vaughn
43%
Leslie Bennett
43%
Faye
29%
Kat Hernandez
14%
Marsha Jacobs
14%
Ethan Lewis
0%

Score Distribution

Percentile by Number Answered

Percent of People with Each Score

Your Score History

You have not taken this quiz